| 000 | 00533nam a22001937a 4500 | ||
|---|---|---|---|
| 003 | CEME | ||
| 005 | 20210628205848.0 | ||
| 008 | 210129b xxu||||| |||| 00| 0 eng d | ||
| 020 | _a0-471-48405-9 | ||
| 040 | _c. | ||
| 082 | _a621.381 LUR | ||
| 100 |
_aLuryi, Serge _977292 |
||
| 245 | _aFuture trends in microlectronics,the nano, the giga, and the ultra | ||
| 260 |
_aNEW YORK _bJOHN WILEY _c2004 |
||
| 300 | _aXIII,410 | ||
| 650 |
_aMICROLECTRONICS. _977293 |
||
| 700 |
_aXu, Jimmy, Zaslavsky, Alex _977294 |
||
| 942 |
_cBK _2ddc |
||
| 999 |
_c582589 _d582589 |
||